Kúpite si ligu
Sponzorské akcie tabakovej spoločnosti S.I.T. pod názvom Mars superliga. Rozhovor s M. Polákovou, brand manažérkou S.I.T., a.s. o propagácii mena značky prostredníctvom sponzorstva športových udalostí. Cieľová skupina značky cigariet Mars. Efektivita sponzorského projektu.
Gespeichert in:
| 1. Verfasser: | |
|---|---|
| Weitere Verfasser: | |
| Format: | Buchkapitel |
| Sprache: | Slowakisch |
| Schlagworte: | |
| Tags: |
Keine Tags, Fügen Sie das erste Tag hinzu!
|
MARC
| LEADER | 00000naa a2200000 4500 | ||
|---|---|---|---|
| 001 | r027783 | ||
| 005 | 20230922094706.7 | ||
| 041 | 0 | |a slo | |
| 044 | |a SK | ||
| 245 | 1 | 0 | |a Kúpite si ligu |c M. Poláková, R. Šimulčík |
| 520 | |a Sponzorské akcie tabakovej spoločnosti S.I.T. pod názvom Mars superliga. Rozhovor s M. Polákovou, brand manažérkou S.I.T., a.s. o propagácii mena značky prostredníctvom sponzorstva športových udalostí. Cieľová skupina značky cigariet Mars. Efektivita sponzorského projektu. | ||
| 610 | 2 | 0 | |a marketing |
| 610 | 2 | 0 | |a S.I.T., a.s. Bratislava |
| 610 | 2 | 0 | |a sponzorovanie |
| 610 | 2 | 0 | |a šport |
| 610 | 2 | 0 | |a priemysel tabakový |
| 100 | 1 | |a Poláková, M. | |
| 700 | 1 | |a Šimulčík, R. | |